Stati dell'Unione latina - Statistics

Statistiche generali
  • Questo quiz è stato fatto 20 volte
  • Il punteggio medio è 25 su 36
Statistiche sulle risposte
Continente Nazione % Corretto
Europa Francia
100%
Europa Italia
100%
America del Nord Spagna
100%
America del Sud Cile
94%
America del Sud Colombia
94%
Europa Portogallo
94%
America del Sud Brasile
88%
America del Nord Panama
88%
Europa Andorra
81%
America del Nord Cuba
81%
America del Sud Paraguay
81%
Europa San Marino
81%
America del Sud Uruguay
81%
America del Sud Venezuela
81%
America del Sud Bolivia
75%
America del Sud Ecuador
75%
America del Nord El Salvador
75%
America del Sud Perù
75%
Europa Romania
75%
America del Nord Costa Rica
69%
America del Nord Guatemala
69%
America del Nord Honduras
69%
Europa Monaco
69%
America del Nord Nicaragua
69%
America del Nord Repubblica Dominicana
69%
Africa Angola
63%
America del Nord Haiti
63%
Europa Moldavia
50%
Africa Mozambico
44%
Africa Costa d'Avorio
38%
Asia Filippine
38%
Africa Senegal
38%
Africa Capo Verde
31%
Africa São Tomé e Príncipe
31%
Africa Guinea-Bissau
25%
Asia Timor Est
25%
Nessun quiz corrispondente trovato
Distribuzione punteggi
Percentuale di utenti per punteggio
Percentile per numero di risposta
I tuoi punteggi nel tempo
Non hai fatto questo quiz